| 000 | 00621nam a2200193 a 4500 | ||
|---|---|---|---|
| 001 | 000034643 | ||
| 005 | 20200930073820.0 | ||
| 008 | 111012s2005 ag r 000 0 spa d | ||
| 020 | _a9875503371 | ||
| 040 |
_aDO-SdBNP _bspa _cBNPHU |
||
| 082 |
_axxxx _bxxxx |
||
| 245 | 0 | 0 |
_aCuentos de mujeres para mujeres (I) / _cKatherine Mansfield...[et al.] ; traducción Ramón Tarruella. |
| 260 |
_aBuenos Aires, Argentina : _bLongseller, _c2005. |
||
| 300 |
_a303 p. : _b18 cm. |
||
| 490 | 1 | _aClásicos de siempre | |
| 700 | 1 |
_aAlcott _960072 |
|
| 700 | 1 |
_aTarruella, Ramón, _etr. _960073 |
|
| 830 | 0 |
_aClásicos de siempre _960025 |
|
| 999 |
_c34134 _d34134 |
||